Statistics for Airlines at Honolulu [2022]

Click here to take the quiz!

General Stats

  • This quiz has been taken 28 times
  • The average score is 10 of 23

Answer Stats

HintAnswer% Correct
No HintAmerican Airlines
95%
No HintDelta
95%
No HintHawaiian Airlines
90%
No HintSouthwest
86%
No HintQantas
76%
No HintJapan Airlines
71%
No HintUnited Airlines
71%
No HintAir New Zealand
62%
No HintAlaska Airlines
62%
No HintKorean
57%
No HintAir Canada
43%
No HintFiji Airways
43%
No HintAsiana Airlines
33%
No HintJetstar
29%
No HintWest Jet
29%
No HintAll Nippon Airlines
24%
No HintPhillippine Airlines
24%
No HintAir Asia
19%
No HintMokulele
14%
No HintSun Country Airlines
10%
No HintZipAir
5%
No HintJinn Air
0%
No HintMakani Kai Air
0%

Score Distribution

Percentile by Number Answered

Percent of People with Each Score

Your Score History

You have not taken this quiz